000 01443nam a2200433 i 4500
001 18216
003 KOSZ 005
005 20210218131243.0
008 030113s1974 pl a |000 0 pol
015 _aUWD 1975/1218
035 _a991020087899705066
035 _a(PL-WaBN)b15444843-48omnis_nlop
035 _ab15444843
035 _a(OCoLC)831054467
035 _a(PL)b0000001544484
035 _a(EXLNZ-48OMNIS_NETWORK)9910108825005606
040 _aWA N
_cWA N
_dKOSZ 005/HR
041 0 _apol
046 _k1974
080 _a69.057
245 0 0 _aMaszyny budowlane :
_bcharakterystyka i zastosowanie : praca zbiorowa /
_cpod kier. Ignacego Bracha ; aut. I. Brach [et al.]
260 _aWarszawa :
_b"Arkady",
_c1974.
300 _a587, [1] s. :
_bil., tab., wykr. ;
_c35 cm.
336 _aTekst
_btxt
_2rdacontent
337 _aBez urządzenia pośredniczącego
_bn
_2rdamedia
338 _aWolumin
_bnc
_2rdacarrier
380 _aKsiążki
388 _a1901-2000
388 _a1945-1989
504 _aBibliogr.
650 7 _aMaszyny budowlane
_2DBN
658 _aInżynieria i technika
658 _aArchitektura i budownictwo
700 1 _aBrach, Ignacy
_d(1897-1994)
_eAutor
_eRedakcja
710 2 _aWydawnictwo Arkady
_4pbl
856 _uhttp://koha.tu.koszalin.pl/cgi-bin/koha/opac-detail.pl?biblionumber=18216
_yKatalog online BPK
942 _2UKD
_cKS
999 _c18216
_d18216